Pro Sports Teams Named After Birds - Statistics

General Stats
  • This quiz has been taken 1,442 times
    1,317 since last reset
  • The average score is 9 of 13
Answer Stats
Hint Answer % Correct
MLB CARDINALS
90%
NFL CARDINALS
90%
NBA HAWKS
84%
NFL EAGLES
81%
NFL FALCONS
81%
NFL SEAHAWKS
80%
MLB BLUE JAYS
77%
NFL RAVENS
74%
MLB ORIOLES
67%
NBA PELICANS
61%
NHL PENGUINS
50%
NHL DUCKS
43%
NHL BLACKHAWKS
34%
No matching quizzes found
Score Distribution
Percent of People with Each Score
Percentile by Number Answered
Your Score History
You have not taken this quiz since the last reset